000 01053nam a2200265Ia 4500
003 OSt
005 20221005111403.0
006 a|||||r|||| 00| 0
007 ta
008 221004b |||||||| |||| 00| 0 hin d
020 _a9789350008959 (hbk)
_c495
024 _a23204
037 _b217, 16/11/2015, Eastern Book Linkers
_cTextual
040 _aCRL
_cCRL
_bhin
041 _2hin
_ahin
082 _aX:513, 152Q2
100 _aसेठी, रेखा
245 0 _aविज्ञापन डॉट कॉम
_b विज्ञापन की दुनिया का विस्तृत अध्ययन
246 _aVijnyāpan ḍaॉṭ kaॉma: vijnyāpan kī duniyā kā vistṛut adhyayana
260 _aनई दिल्ली
_bवाणी प्रकाशन भारत
_c2012
300 _a310पृ0
_ccm.
650 _aअर्थशास्त्र
942 _hX:513, 152Q2
_cTEXL
_2cc
999 _c1021685
_d1021685